Catalog

Record Details

Catalog Search



Available copies

  • 2 of 2 copies available at LARL/NWRL Consortium.
  • 2 of 2 copies available at Lake Agassiz Regional Library. (Show preferred library)

Current holds

0 current holds with 2 total copies.

Show All Copies
Location Call Number / Copy Notes Barcode Shelving Location Status Due Date
Crookston Public Library LARGE PRINT M DAH (Text) 33500013308754 Main Available -
Moorhead Public Library LARGE PRINT M DAH (Text) 33500013308747 Main Available -

Record details

  • ISBN: 9781432866723
  • ISBN: 1432866729
  • Physical Description: 427 pages (large print) ; 22 cm.
  • Edition: Large print edition.
  • Publisher: Waterville, Maine : Thorndike Press, a part of Gale, a Cengage Company, 2020.

Content descriptions

General Note:
Series numbering from goodreads.com
Summary, etc.:
"After a relatively calm and cozy holiday season, ... Read More
Subject: Lord, Emma (Fictitious character) > Fiction.
Women detectives > Fiction.
Women editors > Fiction.
Large type books.
Large type books.
Lord, Emma (Fictitious character)
Women detectives.
Women editors.
Genre: Fiction.
Mystery fiction.
Detective and mystery fiction.
LDR 03105cam a22005418i 4500
001355304
003LARL_NWRL_CONSORTIUM
00520201208231915.0
008200204t20202020meu d 000 1 eng
010 . ‡a 2020004330
040 . ‡aDLC ‡beng ‡erda ‡cDLC ‡dOCLCF ‡dOCLCO ‡dHBP ‡dIUK ‡dBKL ‡dILM ‡dCNCAR ‡dKSL ‡dDEERP
020 . ‡a9781432866723 ‡q(large print) ‡q(hardcover)
020 . ‡a1432866729 ‡q(large print) ‡q(hardcover)
035 . ‡a(OCoLC)1140357197
042 . ‡apcc
08204. ‡a813.54 ‡223
1001 . ‡aDaheim, Mary, ‡eauthor. ‡0(LARL_NWRL_CONSORTIUM)110616
24510. ‡aBitter Alpine / ‡cMary Daheim.
250 . ‡aLarge print edition.
264 1. ‡aWaterville, Maine : ‡bThorndike Press, a part of Gale, a Cengage Company, ‡c2020.
264 4. ‡c©2020
300 . ‡a427 pages (large print) ; ‡c22 cm.
336 . ‡atext ‡btxt ‡2rdacontent
337 . ‡aunmediated ‡bn ‡2rdamedia
338 . ‡avolume ‡bnc ‡2rdacarrier
340 . ‡nlarge print ‡2rdafs
4900 . ‡aEmma Lord ; ‡v28
500 . ‡aSeries numbering from goodreads.com
520 . ‡a"After a relatively calm and cozy holiday season, neither Emma Lord, editor and publisher of The Alpine Advocate, nor her husband, Sheriff Milo Dodge, are surprised when their new year gets off to a rocky start. A woman's body has been found in a squalid motel. Her driver's license shows that Rachel Jane Douglas was in her late thirties and lived in Oakland, California--and the only connection between that town and Alpine is their gold-mining and logging origins. When they discover that Rachel's room reservation was open-ended, Emma, Milo, and the ever-inquisitive Advocate receptionist, Alison Lindahl, are more than mildly curious. And never mind that the youthful Alison is a bit distracted by the new county extension agent's virile good looks. She can still sleuth while she stalks her newest crush. But that's not all the news that's unfit to print. There's something strange about the older couple who have moved into the cabin down the road that was once owned by a murder victim. The elderly wife seems anti-social. There's got to be a reason, which Emma, Milo, and Alison intend to find out--even if it puts them in deadly danger"-- ‡cProvided by publisher.
650 0. ‡aLord, Emma (Fictitious character) ‡vFiction. ‡0(LARL_NWRL_CONSORTIUM)173128
650 0. ‡aWomen detectives ‡vFiction. ‡0(LARL_NWRL_CONSORTIUM)167906
650 0. ‡aWomen editors ‡vFiction. ‡0(LARL_NWRL_CONSORTIUM)167950
650 0. ‡aLarge type books. ‡0(LARL_NWRL_CONSORTIUM)24284
650 7. ‡aLarge type books. ‡2fast ‡0(LARL_NWRL_CONSORTIUM)24284
650 7. ‡aLord, Emma (Fictitious character) ‡2fast ‡0(LARL_NWRL_CONSORTIUM)39323
650 7. ‡aWomen detectives. ‡2fast ‡0(LARL_NWRL_CONSORTIUM)34659
650 7. ‡aWomen editors. ‡2fast ‡0(LARL_NWRL_CONSORTIUM)38756
655 7. ‡aFiction. ‡2fast
655 7. ‡aMystery fiction. ‡2gsafd
655 7. ‡aDetective and mystery fiction. ‡2lcgft
901 . ‡a355304 ‡b ‡c355304 ‡tbiblio

Additional Resources